[Event "Brno Trade op"]
[Site "Brno"]
[Date "2021.08.31"]
[Round "4"]
[White "Zuziak, Petr"]
[Black "Kozubik, Pavel"]
[Result "1-0"]
[WhiteElo "1797"]
[BlackElo "1279"]
[PlyCount "85"]
[EventDate "2021.08.29"]
[EventType "swiss"]
[EventRounds "9"]
[EventCountry "CZE"]
[SourceTitle "CBM 204 Extra"]
[Source "ChessBase"]
[SourceDate "2021.11.30"]
[SourceVersion "1"]
[SourceVersionDate "2021.11.30"]
[SourceQuality "1"]

1. d4 g6 2. Nf3 Bg7 3. c4 Nf6 4. Nc3 0-0 5. Bg5 d6 6. e3 Nbd7 7. Be2 c5 8. 0-0 h6 9. Bh4 g5 10. Bg3 Nh5 11. Qd3 f5 12. Rad1 Nxg3 13. hxg3 b6 14. e4 f4 15. dxc5 Nxc5 16. Qc2 g4 17. Nh4 e5 18. Nb5 Bb7 19. Nxd6 Qg5 20. Nxb7 fxg3 21. fxg3 Qe3+ 22. Kh2 Nxe4 23. Qd3 Qxd3 24. Bxd3 Rxf1 25. Rxf1 Nf6 26. Nf5 e4 27. Bc2 Bf8 28. Nxh6+ Kg7 29. Nf5+ Kg6 30. Nbd6 Bxd6 31. Nxd6 Kg5 32. Nxe4+ Nxe4 33. Bxe4 Rg8 34. Rf5+ Kh6 35. Rf4 Kg5 36. Kg1 Rd8 37. Rf5+ Kh6 38. Rd5 Re8 39. Rd4 Kg5 40. Kf2 Kf6 41. Ke3 Rh8 42. Kf4 Rg8 43. Rd7 1-0

[Event "Pardubice Czech op-B"]
[Site "Pardubice"]
[Date "2020.09.22"]
[Round "2"]
[White "Fiala, Jan2222"]
[Black "Zuziak, Petr"]
[Result "1-0"]
[WhiteElo "1651"]
[BlackElo "1861"]
[PlyCount "113"]
[EventDate "2020.09.21"]
[EventType "swiss"]
[EventRounds "9"]
[EventCountry "CZE"]
[SourceTitle "CBM 198 Extra"]
[Source "ChessBase"]
[SourceDate "2020.11.30"]
[SourceVersion "1"]
[SourceVersionDate "2020.11.30"]
[SourceQuality "1"]

1. d4 Nf6 2. c4 d5 3. Nc3 g6 4. Nf3 Bg7 5. Bg5 c5 6. dxc5 0-0 7. Bxf6 Bxf6 8. cxd5 Qa5 9. Qd2 Qxc5 10. Ne4 Qb6 11. Nxf6+ exf6 12. e3 Rd8 13. Bc4 Na6 14. 0-0 Nc5 15. Qd4 Bf5 16. a3 Rac8 17. Rac1 Na4 18. b3 Nc5 19. Rfd1 Rd6 20. b4 Nd3 21. Bxd3 Rxc1 22. Rxc1 Qxd4 23. Nxd4 Bxd3 24. Rc7 Rb6 25. f3 f5 26. Nb3 Rd6 27. Rxb7 a6 28. Nc5 Rxd5 29. Rd7 Rxd7 30. Nxd7 Bb5 31. Nc5 Kf8 32. Kf2 Ke7 33. e4 fxe4 34. Nxe4 f5 35. Nc3 Bc4 36. f4 Kd6 37. Ke3 h6 38. h4 Bf1 39. g3 Bc4 40. Kd4 Be6 41. Na4 Bd7 42. Nb2 Ke6 43. Kc5 Bb5 44. Nc4 Kf6 45. Nd6 Bd3 46. a4 g5 47. hxg5+ hxg5 48. b5 axb5 49. axb5 gxf4 50. gxf4 Ke6 51. Kc6 Be2 52. b6 Bf3+ 53. Kc7 Bg2 54. b7 Bxb7 55. Nxb7 Kd5 56. Nd8 Ke4 57. Ne6 1-0

[Event "Brno op 7th"]
[Site "Brno"]
[Date "2017.11.15"]
[Round "6"]
[White "Mizicka, Matus"]
[Black "Zuziak, Petr"]
[Result "0-1"]
[WhiteElo "1772"]
[BlackElo "1906"]
[PlyCount "96"]
[EventDate "2017.11.11"]
[EventType "swiss"]
[EventRounds "9"]
[EventCountry "CZE"]
[SourceTitle "CBM 181 Extra"]
[Source "ChessBase"]
[SourceDate "2017.12.12"]
[SourceVersion "1"]
[SourceVersionDate "2017.12.12"]
[SourceQuality "1"]

1. e4 e5 2. Nc3 Nc6 3. Bc4 Nf6 4. d3 Be7 5. Nge2 Na5 6. Bb3 Nxb3 7. axb3 d5 8. exd5 Nxd5 9. 0-0 0-0 10. Nxd5 Qxd5 11. Nc3 Qc6 12. f4 Bc5+ 13. Kh1 Bd4 14. fxe5 Bxe5 15. Qh5 Bxc3 16. bxc3 Qxc3 17. Ra4 g6 18. Qf3 Be6 19. Bh6 Rfe8 20. Rf4 f5 21. h4 c6 22. h5 Qf6 23. Qg3 Kf7 24. Bg5 Qc3 25. Rh4 Qg7 26. h6 Qf8 27. Rg4 Kg8 28. Qh4 fxg4 29. Rxf8+ Rxf8 30. Qe1 Rae8 31. Qc3 Rf7 32. Kh2 Bd5 33. Qd2 Re5 34. c4 Be6 35. d4 Ref5 36. Qe2 g3+ 37. Kg1 Rf2 38. Qe1 Bg4 39. Be3 Be2 40. Bxf2 gxf2+ 41. Qxf2 Rxf2 42. Kxf2 Bd1 43. b4 Bb3 44. c5 Kf7 45. Ke3 Kf6 46. g3 g5 47. Ke4 Bd5+ 48. Ke3 Kg6 0-1

[Event "Stare Mesto op"]
[Site "Stare Mesto"]
[Date "2016.08.07"]
[Round "4"]
[White "Zpevakova, Jana"]
[Black "Zuziak, Petr"]
[Result "1/2-1/2"]
[WhiteElo "2087"]
[BlackElo "1909"]
[PlyCount "76"]
[EventDate "2016.08.05"]
[EventType "swiss"]
[EventRounds "10"]
[EventCountry "CZE"]
[SourceTitle "CBM 173 Extra"]
[Source "ChessBase"]
[SourceDate "2016.08.29"]
[SourceVersion "1"]
[SourceVersionDate "2016.08.29"]
[SourceQuality "1"]

1. d4 Nf6 2. c4 g6 3. Nc3 d5 4. cxd5 Nxd5 5. Bd2 Bg7 6. Nf3 0-0 7. Rc1 c6 8. Bg5 h6 9. Bh4 Nd7 10. e4 Nxc3 11. bxc3 c5 12. d5 Re8 13. Bd3 Qa5 14. Qd2 Nb6 15. 0-0 c4 16. Be2 Bd7 17. Nd4 Rac8 18. f4 Na4 19. Bf3 e5 20. fxe5 Rxe5 21. Bg3 Ree8 22. Rfe1 Nc5 23. Rb1 Nd3 24. Re2 b5 25. Bf2 a6 26. Be3 Kh7 27. h3 Qc7 28. g4 g5 29. Rg2 Be5 30. Rf1 Nf4 31. Bxf4 Bxf4 32. Qc2 Be5 33. Bd1 f6 34. Nf3 Kg7 35. Qd2 Bf4 36. Qd4 Qd6 37. Bc2 Rf8 38. Kh1 Be5 1/2-1/2

[Event "Brno Duras op"]
[Site "Brno"]
[Date "2016.07.03"]
[Round "9"]
[White "Hruza, Dominik"]
[Black "Zuziak, Petr"]
[Result "0-1"]
[WhiteElo "1658"]
[BlackElo "1885"]
[PlyCount "144"]
[EventDate "2016.06.25"]
[EventType "swiss"]
[EventRounds "9"]
[EventCountry "CZE"]
[SourceTitle "CBM 173 Extra"]
[Source "ChessBase"]
[SourceDate "2016.08.29"]
[SourceVersion "1"]
[SourceVersionDate "2016.08.29"]
[SourceQuality "1"]

1. e4 Nc6 2. Nc3 d6 3. d4 Nf6 4. Nf3 Bg4 5. d5 Bxf3 6. Qxf3 Ne5 7. Qe2 a6 8. f4 Ng6 9. a4 Qd7 10. g3 h5 11. h3 e6 12. Bg2 0-0-0 13. Be3 exd5 14. exd5 Re8 15. 0-0-0 h4 16. Qf3 hxg3 17. Qxg3 Nh5 18. Qf2 Be7 19. Bd2 Kb8 20. Qd4 Bf6 21. Qb4 Bxc3 22. Bxc3 Ngxf4 23. Bf1 Ne2+ 24. Bxe2 Rxe2 25. Qg4 Qe7 26. Rhe1 Rxe1 27. Rxe1 Qf8 28. Qd7 Nf4 29. Re7 Nxd5 30. Rxf7 Qc8 31. Bxg7 Qxd7 32. Rxd7 Rxh3 33. Rd8+ Ka7 34. Bd4+ b6 35. a5 Kb7 36. axb6 Nxb6 37. b3 Nd5 38. Rg8 c5 39. Rg7+ Kc6 40. Bb2 Rh2 41. c3 Nf4 42. Ba3 Ne2+ 43. Kd2 Nd4+ 44. Kd3 Nxb3 45. Ra7 Kb6 46. Ra8 Rd2+ 47. Ke3 Kb7 48. Rh8 Ra2 49. Kd3 Rxa3 50. Kc2 c4 51. Rh4 Ra4 52. Rh7+ Kc6 53. Rh6 Ra2+ 54. Kb1 Rg2 55. Rxd6+ Kb5 56. Rb6+ Kc5 57. Rb5+ Kc6 58. Rb6+ Kd5 59. Rd6+ Ke4 60. Rxa6 Nd2+ 61. Kc2 Nf1+ 62. Kc1 Kd3 63. Rf6 Ne3 64. Rf3 Re2 65. Kb1 Kxc3 66. Rh3 Kb3 67. Kc1 c3 68. Rh1 Ra2 69. Kb1 c2+ 70. Kc1 Ra1+ 71. Kd2 Rxh1 72. Kxe3 c1Q+ 0-1

[Event "Brno op"]
[Site "Brno"]
[Date "2015.08.29"]
[Round "8"]
[White "Kopecek, Ivan"]
[Black "Zuziak, Petr"]
[Result "1/2-1/2"]
[WhiteElo "1952"]
[BlackElo "1985"]
[PlyCount "129"]
[EventDate "2015.08.23"]
[EventType "swiss"]
[EventRounds "9"]
[EventCountry "CZE"]
[SourceTitle "EXT 2016"]
[Source "ChessBase"]
[SourceDate "2015.10.08"]
[SourceVersion "1"]
[SourceVersionDate "2015.10.08"]
[SourceQuality "1"]

1. e4 g6 2. d4 Bg7 3. Nf3 c6 4. Nc3 d5 5. Be3 Nf6 6. e5 Ne4 7. Nxe4 dxe4 8. Nd2 c5 9. c3 cxd4 10. Bxd4 Nc6 11. Bb5 0-0 12. Bxc6 bxc6 13. Nxe4 Qd5 14. Qe2 Bxe5 15. Bxe5 Qxe5 16. 0-0 Rb8 17. b3 Rd8 18. f4 Qb5 19. c4 Qb6+ 20. Kh1 Bf5 21. g4 Bxe4+ 22. Qxe4 e6 23. f5 Qd4 24. Qf3 exf5 25. gxf5 Qf6 26. fxg6 Qxf3+ 27. Rxf3 hxg6 28. Rf6 Rbc8 29. Raf1 Rc7 30. R1f2 a5 31. Kg2 Kg7 32. Kg3 Rd4 33. Kg2 a4 34. R2f3 Rd2+ 35. Rf2 Rxf2+ 36. Rxf2 axb3 37. axb3 c5 38. Rd2 f5 39. h4 Rc8 40. Kg3 Kf6 41. Rd6+ Kf7 42. Kf4 Rh8 43. Kg3 Rb8 44. Rd2 Rb6 45. Kf4 Kf6 46. Rd5 Rxb3 47. Rxc5 Rh3 48. Rc6+ Kg7 49. Rc7+ Kh6 50. Ke5 Rxh4 51. Rc8 Kh5 52. c5 Rc4 53. c6 Kg4 54. c7 g5 55. Kd6 f4 56. Rf8 f3 57. c8Q+ Rxc8 58. Rxc8 f2 59. Rf8 Kg3 60. Ke5 g4 61. Ke4 Kg2 62. Ke3 f1Q 63. Rxf1 Kxf1 64. Kf4 Kg2 65. Kxg4 1/2-1/2

[Event "Brno op"]
[Site "Brno"]
[Date "2015.08.27"]
[Round "6"]
[White "Vechet, Stanislav"]
[Black "Zuziak, Petr"]
[Result "1-0"]
[WhiteElo "2168"]
[BlackElo "1985"]
[PlyCount "67"]
[EventDate "2015.08.23"]
[EventType "swiss"]
[EventRounds "9"]
[EventCountry "CZE"]
[SourceTitle "EXT 2016"]
[Source "ChessBase"]
[SourceDate "2015.10.08"]
[SourceVersion "1"]
[SourceVersionDate "2015.10.08"]
[SourceQuality "1"]

1. d4 Nf6 2. c4 g6 3. Nc3 d5 4. Nf3 Bg7 5. e3 0-0 6. b4 c6 7. Bb2 Bg4 8. Rc1 Ne4 9. Qb3 Bxf3 10. gxf3 Nxc3 11. Bxc3 e6 12. a4 Nd7 13. f4 Nf6 14. Bg2 Rc8 15. 0-0 dxc4 16. Qxc4 Nd5 17. Bd2 Qd7 18. Rfd1 Rfd8 19. Qb3 Ne7 20. Be1 Qd6 21. b5 Nd5 22. bxc6 bxc6 23. Qb7 Rc7 24. Qa6 Bf8 25. Ba5 Nb6 26. Bxb6 axb6 27. Qxb6 Rdc8 28. a5 c5 29. dxc5 Qxb6 30. axb6 Rxc5 31. Rxc5 Rxc5 32. b7 Rb5 33. Bc6 Rb6 34. Rd8 1-0

[Event "Brno op"]
[Site "Brno"]
[Date "2015.08.23"]
[Round "1"]
[White "Zuziak, Petr"]
[Black "Glozar, Petr"]
[Result "1-0"]
[WhiteElo "1985"]
[BlackElo "1588"]
[PlyCount "51"]
[EventDate "2015.08.23"]
[EventType "swiss"]
[EventRounds "9"]
[EventCountry "CZE"]
[SourceTitle "EXT 2016"]
[Source "ChessBase"]
[SourceDate "2015.10.08"]
[SourceVersion "1"]
[SourceVersionDate "2015.10.08"]
[SourceQuality "1"]

1. d4 Nf6 2. Nf3 g6 3. Bg5 Bg7 4. c4 0-0 5. Nc3 c5 6. d5 d6 7. e4 Bg4 8. Be2 Bxf3 9. Bxf3 Nbd7 10. 0-0 Ne5 11. Be2 h6 12. Bd2 g5 13. f4 gxf4 14. Rxf4 Kh7 15. Rh4 Ng6 16. Rh3 Qd7 17. Qc1 Ng8 18. Qc2 Ne5 19. Rf1 Rfb8 20. Qc1 Qe8 21. Rf5 Qf8 22. g4 f6 23. g5 a6 24. gxh6 Bxh6 25. Rfh5 Nf7 26. Bd3 1-0

[Event "Brno Duras op"]
[Site "Brno"]
[Date "2015.07.03"]
[Round "7"]
[White "Balazec, Ludovit"]
[Black "Zuziak, Petr"]
[Result "0-1"]
[WhiteElo "1964"]
[BlackElo "1937"]
[PlyCount "127"]
[EventDate "2015.06.27"]
[EventType "swiss"]
[EventRounds "9"]
[EventCountry "CZE"]
[SourceTitle "CBM 167 Extra"]
[Source "ChessBase"]
[SourceDate "2015.09.14"]
[SourceVersion "1"]
[SourceVersionDate "2015.09.14"]
[SourceQuality "1"]

1. e4 Nc6 2. Nf3 d6 3. d4 Bg4 4. Bb5 a6 5. Bxc6+ bxc6 6. h3 Bh5 7. Qd3 e6 8. 0-0 Nf6 9. Bg5 Be7 10. Nbd2 0-0 11. g4 Bg6 12. Nh4 Bxe4 13. Nxe4 Nxe4 14. Bxe7 Qxe7 15. Ng2 d5 16. f4 c5 17. c4 c6 18. Rac1 cxd4 19. Qxd4 Qb4 20. Rc2 Rac8 21. Rf3 c5 22. Qe3 Rfd8 23. f5 e5 24. a3 Qb7 25. Re2 Nf6 26. cxd5 Qxd5 27. g5 Nd7 28. Rd2 Qc6 29. f6 e4 30. Rf5 Nb6 31. Rxc5 Rxd2 32. Rxc6 Rd1+ 33. Kh2 Rxc6 34. Qxe4 Re6 35. Qb7 gxf6 36. Qf3 Rdd6 37. Nf4 Rd2+ 38. Kg3 Red6 39. gxf6 Rxf6 40. Qe3 Rd8 41. Qe7 Rdd6 42. Qe8+ Kg7 43. Nh5+ Kh6 44. Nxf6 Rxf6 45. Qe3+ Kg7 46. Qd4 a5 47. b3 h6 48. h4 Kg6 49. h5+ Kg7 50. Qe5 a4 51. bxa4 Nxa4 52. Qd4 Nb6 53. Kg4 Na8 54. Qc3 Nb6 55. Kh4 Nd5 56. Qe5 Nb6 57. Qb2 Nd7 58. Qg2+ Kf8 59. a4 Rf4+ 60. Kh3 Rxa4 61. Qc6 Ra5 62. Kh4 Ke7 63. Qxh6 Re5 64. Qd2 0-1

[Event "Brno Duras op"]
[Site "Brno"]
[Date "2015.07.01"]
[Round "5"]
[White "Kopecek, Ivan"]
[Black "Zuziak, Petr"]
[Result "1/2-1/2"]
[WhiteElo "1955"]
[BlackElo "1937"]
[PlyCount "68"]
[EventDate "2015.06.27"]
[EventType "swiss"]
[EventRounds "9"]
[EventCountry "CZE"]
[SourceTitle "CBM 167 Extra"]
[Source "ChessBase"]
[SourceDate "2015.09.14"]
[SourceVersion "1"]
[SourceVersionDate "2015.09.14"]
[SourceQuality "1"]

1. e4 Nc6 2. Nf3 d6 3. d4 Bg4 4. Bb5 a6 5. Ba4 b5 6. Bb3 e6 7. d5 Ne5 8. h3 Bxf3 9. gxf3 exd5 10. f4 Qh4 11. fxe5 Qxe4+ 12. Kd2 Qd4+ 13. Ke2 Qxe5+ 14. Kf1 Nf6 15. a4 c5 16. axb5 Be7 17. bxa6 0-0 18. Nc3 c4 19. Ba4 Rxa6 20. Be3 Rfa8 21. Rg1 Qf5 22. Rg3 Ne4 23. Nxe4 dxe4 24. b3 Bh4 25. Rg4 g5 26. Qd4 cxb3 27. cxb3 d5 28. Rc1 h5 29. Rg2 Rf6 30. Bd7 Qf3 31. Bxg5 Rg6 32. Qd2 Bxg5 33. Rxg5 Qh1+ 34. Ke2 Qf3+ 1/2-1/2

[Event "Brno Duras op"]
[Site "Brno"]
[Date "2015.06.30"]
[Round "4"]
[White "Zuziak, Petr"]
[Black "Pokorny, Petr"]
[Result "1/2-1/2"]
[WhiteElo "1937"]
[BlackElo "2163"]
[PlyCount "82"]
[EventDate "2015.06.27"]
[EventType "swiss"]
[EventRounds "9"]
[EventCountry "CZE"]
[SourceTitle "CBM 167 Extra"]
[Source "ChessBase"]
[SourceDate "2015.09.14"]
[SourceVersion "1"]
[SourceVersionDate "2015.09.14"]
[SourceQuality "1"]

1. d4 d5 2. Nf3 c6 3. e3 Bg4 4. c4 e6 5. h3 Bh5 6. g4 Bg6 7. Ne5 Be4 8. Nf3 h5 9. gxh5 Qf6 10. Nbd2 Bb4 11. Qb3 a5 12. Ke2 dxc4 13. Nxe4 cxb3 14. Nxf6+ Nxf6 15. axb3 Rxh5 16. Ne5 Nbd7 17. Nd3 Be7 18. Bd2 Rb5 19. b4 a4 20. Kd1 Rf5 21. Bg2 Rb5 22. Nc5 Nxc5 23. dxc5 Nd5 24. Bxd5 exd5 25. Ra3 b6 26. b3 bxc5 27. Rxa4 Rxa4 28. bxa4 Rb8 29. bxc5 Rb1+ 30. Bc1 Ra1 31. Kd2 Bf6 32. Kd3 Rxa4 33. Bd2 Be7 34. Rc1 Rh4 35. Ra1 Bxc5 36. Rc1 Bd6 37. Rxc6 Kd7 38. Ra6 Rxh3 39. Ra7+ Ke6 40. Ra6 Rh4 41. f4 Kd7 1/2-1/2

[Event "Kouty nad Desnou op-A"]
[Site "Kouty nad Desnou"]
[Date "2015.03.07"]
[Round "1"]
[White "Fuskova, Martina"]
[Black "Zuziak, Petr"]
[Result "1-0"]
[WhiteElo "2128"]
[BlackElo "1767"]
[PlyCount "61"]
[EventDate "2015.03.07"]
[EventType "swiss"]
[EventRounds "9"]
[EventCountry "CZE"]
[SourceTitle "EXT 2017"]
[Source "ChessBase"]
[SourceDate "2016.10.25"]
[SourceVersion "1"]
[SourceVersionDate "2016.10.25"]
[SourceQuality "1"]

1. e4 Nc6 2. Nf3 d6 3. d4 Nf6 4. Nc3 Bg4 5. Be2 e6 6. 0-0 Be7 7. Be3 0-0 8. h3 Bh5 9. Nd2 Bxe2 10. Qxe2 e5 11. d5 Nb8 12. f4 exf4 13. Bxf4 Nbd7 14. Nc4 Re8 15. Qf3 h6 16. Rae1 Bf8 17. Nb5 Ne5 18. Nxe5 dxe5 19. Bxh6 gxh6 20. Qxf6 Qxf6 21. Rxf6 Kg7 22. Ref1 Bc5+ 23. Kh1 Re7 24. c3 Rd7 25. c4 a6 26. Nc3 Bd4 27. R6f3 Rb8 28. b4 b6 29. Ne2 Re8 30. Ng3 a5 31. Nh5+ 1-0